书目信息 |
| 题名: |
哑铃打造完美男人
|
|
| 作者: | 薛斌 , 王秀华 , 谢云新 编著 | |
| 分册: | ||
| 出版信息: | 北京 人民体育出版社 2004 |
|
| 页数: | 305页 | |
| 开本: | 21cm | |
| 丛书名: | ||
| 单 册: | ||
| 中图分类: | G835.4 | |
| 科图分类: | ||
| 主题词: | 男性--哑铃--健身运动 , 男性 , 哑铃 , 健身运动 | |
| 电子资源: | ||
| ISBN: | 978-7-5009-2671-9 | |
| 000 | 00818nam0 2200277 45 | |
| 001 | 1130729187 | |
| 005 | 20110310094156.92 | |
| 010 | @a978-7-5009-2671-9@dCNY18.00 | |
| 100 | @a20110123e20092004ekmy0chiy0120 ea | |
| 101 | 0 | @achi |
| 102 | @aCN@b110000 | |
| 105 | @ay z 000yy | |
| 106 | @ar | |
| 200 | 1 | @a哑铃打造完美男人@AYa Ling Da Zao Wan Mei Nan Ren@f薛斌,王秀华,谢云新编著@FXue Bin, Wang Xiu Hua, Xie Yun Xin Bian Zhu |
| 210 | @a北京@c人民体育出版社@d2004@h2009 | |
| 215 | @a305页@d21cm | |
| 606 | 0 | @a男性@x哑铃@x健身运动 |
| 606 | 0 | @a男性 |
| 606 | 0 | @a哑铃 |
| 606 | 0 | @a健身运动 |
| 690 | @aG835.4@v4 | |
| 701 | 0 | @a薛斌@AXue Bin@4编著 |
| 701 | 0 | @a王秀华@AWang Xiu Hua@4编著 |
| 701 | 0 | @a谢云新@AXie Yun Xin@4编著 |
| 801 | 0 | @aCN@bTANGWEI@c20110310 |
| 905 | @b0531793-96@dG835.4@e109@f4 | |
| 哑铃打造完美男人/薛斌,王秀华,谢云新编著.-北京:人民体育出版社,2004(2009) |
| 305页;21cm |
| ISBN 978-7-5009-2671-9:CNY18.00 |
| ● |
| 相关链接 |
|
|
|
|
正题名:哑铃打造完美男人
索取号:G835.4/109
 
预约/预借
| 序号 | 登录号 | 条形码 | 馆藏地/架位号 | 状态 | 备注 |
| 1 | 0531793 | 205317931 | 第一样本阅览室/ [索取号:G835.4/109] | 在馆 | |
| 2 | 0531794 | 205317940 | 第四借阅区/ [索取号:G835.4/109] | 在馆 | |
| 3 | 0531795 | 205317959 | 第四借阅区/ [索取号:G835.4/109] | 在馆 | |
| 4 | 0531796 | 205317968 | 密集书库-体育系/ [索取号:G835.4/109] | 在馆 |